000 00710nam a2200253Ia 4500
003 OSt
005 20220918210006.0
006 a|||||r|||| 00| 0
007 ta
008 220917b |||||||| |||| 00| 0 eng d
024 _a118,699
037 _cTextual
040 _aARTS
_cARTS
_beng
041 _2eng
_aeng
082 _aV655:1:N3, K5
100 _aTordoff William
_9114572
245 0 _aAshanti under the Premphehs 1888-1935
260 _aLondon
_bOxford University Press UK
_c1965
300 _a443p
_ccm.
490 _aWest African history series ed by Gernld S Graham
650 _aHISTORY
942 _hV655:1:N3, K5
_cTEXL
_2CC
999 _c241968
_d241968